000 00272nam a22000977a 4500
005 20250901165245.0
008 210301b ||||| |||| 00| 0 eng d
050 _aQU4.3 .W66
245 _aIntroducing biochemistry
_cWOOD, E.J.
942 _2lcc
_hQU4.3 .W66 1982
999 _c1107
_d1107